| 000 | 00722cam a22002174a 4500 | ||
|---|---|---|---|
| 001 | 12027128 | ||
| 005 | 20250322110528.0 | ||
| 008 | 000601s2000 ctua b 001 0 eng | ||
| 020 | _a0300087268 (cloth : alk. paper) | ||
| 020 | _a0300087276 (paper : alk. paper) | ||
| 020 | _a9780300087277 | ||
| 050 | 0 | 0 |
_aLB1044.87 _b.H68 2000 |
| 100 | 1 |
_aHorton, Sarah, _d1962- |
|
| 245 | 1 | 0 |
_aWeb teaching guide : _ba practical approach to creating course Web sites / _cSarah Horton. |
| 260 |
_aNew Haven : _bYale University Press, _cc2000. |
||
| 300 |
_axiii, 242 p. : _bill. ; _c26 cm. |
||
| 650 | 0 |
_aTeaching _xComputer network resources. |
|
| 650 | 0 | _aInternet in education. | |
| 650 | 0 | _aWorld Wide Web. | |
| 942 |
_2lcc _cBK _n0 |
||
| 999 |
_c5073 _d5073 |
||